| 000 | 00591 a2200181 4500 | ||
|---|---|---|---|
| 999 |
_c5234 _d5234 |
||
| 020 | _a9780435510824 | ||
| 050 | _aQA276.17 ART 2000 | ||
| 100 |
_aAttwood, Greg _eauthor |
||
| 245 |
_aStatistics 1 / _cGreg Attwood, Gordon Skipworth, Gillian Dyer. |
||
| 264 |
_aOxford : _bHeinemann, _c2000. |
||
| 300 | _avii, 214 pages : illustrations ; 27 cm. | ||
| 440 | _aHeinemann modular mathematics for Edexcel AS and A-Level, S1 | ||
| 500 | _aIncludes index. | ||
| 650 | _a Mathematical statistics. | ||
| 700 | _aGordon Skipworth | ||
| 700 | _a Gillian Dyer. | ||
| 942 |
_2lcc _cBK _h276.11 _iATT _kQA |
||